[Event "Tata Steel 2012"]
[Site "Wijk aan Zee NED"]
[Date "2012.01.29"]
[Round "13"]
[White "Caruana, F."]
[Black "Gelfand, B."]
[Result "1-0"]
[WhiteElo "2736"]
[BlackElo "2739"]
[PlyCount "95"]
[EventDate "2012.01.14"]

1. e4 e5 2. Nf3 Nf6 3. Nxe5 d6 4. Nf3 Nxe4 5. Nc3 Nxc3 6. dxc3 Be7 7. Be3 O-O
8. Qd2 Nd7 9. O-O-O Ne5 10. h4 c6 11. Bg5 f6 12. Bf4 Qa5 13. a3 Bg4 14. Be2 d5
15. Nxe5 fxe5 16. Bxe5 Rxf2 17. Rde1 Bxe2 18. Rxe2 Rf7 19. g3 Raf8 20. Rhe1 Qd8
21. Qd4 b5 22. Kb1 Qd7 23. h5 Bg5 24. a4 Re8 25. axb5 cxb5 26. Qd3 Rfe7 27. Bd4
Rxe2 28. Rxe2 Rxe2 29. Qxe2 Bf6 30. Qf2 Bxd4 31. Qxd4 h6 32. b3 Qf7 33. Qe5 a6
34. Kb2 Kh7 35. Qd6 Qxh5 36. Qxa6 Qe8 37. Qb7 Qe5 38. Qxb5 h5 39. Qd3+ Kh6 40.
b4 g5 41. b5 h4 42. gxh4 gxh4 43. b6 Qb8 44. Qa6 Qd6 45. Qb5 d4 46. b7 dxc3+
47. Ka2 Qe6+ 48. Ka1 1-0

[Event "Tata Steel 2012"]
[Site "Wijk aan Zee NED"]
[Date "2012.01.29"]
[Round "13"]
[White "Giri, A."]
[Black "Navara, D."]
[Result "1/2-1/2"]
[WhiteElo "2714"]
[BlackElo "2712"]
[PlyCount "57"]
[EventDate "2012.01.14"]

1. e4 e5 2. Nf3 Nc6 3. Bb5 Nf6 4. d3 Bc5 5. O-O Nd4 6. Nxd4 Bxd4 7. Nd2 c6 8.
Ba4 d6 9. c3 Bb6 10. Bb3 Bg4 11. Qe1 O-O 12. Nc4 Bc5 13. Kh1 Nh5 14. Bd1 Bxd1
15. Qxd1 g6 16. d4 exd4 17. cxd4 d5 18. dxc5 dxc4 19. f3 b5 20. cxb6 axb6 21.
Be3 b5 22. Qc2 Qf6 23. a4 Nf4 24. b3 cxb3 25. Qxb3 Rfd8 26. Qc2 bxa4 27. Rxa4
Rxa4 28. Qxa4 Nd3 29. Qc2 1/2-1/2

[Event "Gibraltar Open"]
[Site "Caleta ENG"]
[Date "2012.01.28"]
[Round "5"]
[White "Short, N."]
[Black "Le Quang Liem"]
[Result "1/2-1/2"]
[WhiteElo "2677"]
[BlackElo "2714"]
[PlyCount "61"]
[EventDate "2012.01.24"]

1. e4 c5 2. Nc3 d6 3. Nge2 Nf6 4. d3 g6 5. g3 Bg7 6. Bg2 Nc6 7. O-O O-O 8. Be3
Rb8 9. a3 b6 10. h3 Bb7 11. Qd2 Ne8 12. Bh6 Rc8 13. Bxg7 Nxg7 14. f4 Qd7 15.
Rae1 f5 16. Kh2 Nd4 17. Nxd4 cxd4 18. Ne2 e5 19. c3 dxc3 20. Nxc3 Rce8 21. d4
exf4 22. Rxf4 Nh5 23. Rff1 Bxe4 24. Nxe4 fxe4 25. Rxf8+ Kxf8 26. Rxe4 Rxe4 27.
Bxe4 Kg7 28. Bf3 Nf6 29. Kg2 Qe7 30. h4 h6 31. Qf4 1/2-1/2

[Event "Gibraltar Open"]
[Site "Caleta ENG"]
[Date "2012.01.28"]
[Round "5"]
[White "Gopal, G."]
[Black "Laznicka, V."]
[Result "1-0"]
[WhiteElo "2566"]
[BlackElo "2704"]
[PlyCount "113"]
[EventDate "2012.01.24"]

1. e4 c6 2. d4 d5 3. e5 Bf5 4. Nf3 e6 5. Be2 Ne7 6. O-O c5 7. c4 Nbc6 8. Na3
dxc4 9. Nxc4 Nd5 10. Bg5 Qd7 11. Rc1 h6 12. Be3 b5 13. Na3 a6 14. dxc5 Be7 15.
Nc2 Nxe3 16. Nxe3 Be4 17. a3 Qc7 18. Bd3 Bxd3 19. Qxd3 Nxe5 20. Nxe5 Qxe5 21.
Ng4 Qf4 22. Qe2 Rd8 23. c6 h5 24. Ne3 Bd6 25. g3 Qe4 26. Rfd1 h4 27. Qc2 Qxc2
28. Rxc2 Ke7 29. Rcd2 f5 30. Re1 Kf6 31. Rc1 h3 32. Kf1 Be5 33. Rxd8 Rxd8 34.
Rc2 Bc7 35. f4 g5 36. fxg5+ Kxg5 37. Ke2 Kf6 38. Nd1 Bb6 39. Nf2 Bxf2 40. Kxf2
Rc8 41. Kf3 Ke5 42. g4 Kd6 43. g5 Kc7 44. Kf4 Rh8 45. g6 Rh4+ 46. Kg5 Rg4+ 47.
Kf6 f4 48. g7 e5 49. Rc5 f3 50. Rxe5 Rf4+ 51. Kg5 f2 52. g8=Q f1=Q 53. Re7+ Kb6
54. Qd8+ Kc5 55. Re5+ Kxc6 56. Re6+ Kc5 57. Qd6+ 1-0

[Event "Gibraltar Open"]
[Site "Caleta ENG"]
[Date "2012.01.28"]
[Round "5"]
[White "Dzagnidze, N."]
[Black "Movsesian, S."]
[Result "1-0"]
[WhiteElo "2535"]
[BlackElo "2700"]
[PlyCount "91"]
[EventDate "2012.01.24"]

1. d4 d5 2. c4 c6 3. Nf3 Nf6 4. e3 a6 5. Bd2 e6 6. a4 c5 7. cxd5 exd5 8. Bc3
Nc6 9. Be2 Be6 10. a5 Ne4 11. O-O Be7 12. dxc5 O-O 13. Bd4 Nxc5 14. Nc3 Rc8 15.
Nd2 Bd6 16. Qb1 Re8 17. Rd1 Nxd4 18. exd4 Ne4 19. Ndxe4 dxe4 20. d5 Bf5 21. Ra4
Qg5 22. Nxe4 Bxh2+ 23. Kxh2 Qh4+ 24. Kg1 Bxe4 25. Bf3 f5 26. d6 Rcd8 27. Qa2+
Kh8 28. d7 Re7 29. Rad4 Qf6 30. Qb3 h6 31. Bxe4 fxe4 32. Qxb7 e3 33. fxe3 Rxe3
34. Qb6 Qe7 35. Qxa6 Re2 36. Qd3 Rxb2 37. Re4 Qc5+ 38. Qe3 Qxe3+ 39. Rxe3 Rbb8
40. a6 Kh7 41. Rc3 Ra8 42. Rc7 Kg6 43. a7 Kf6 44. Re1 Kf7 45. Rb7 h5 46. Re8
1-0

[Event "Gibraltar Open"]
[Site "Caleta ENG"]
[Date "2012.01.28"]
[Round "5"]
[White "Sasikiran, K."]
[Black "Hou Yifan"]
[Result "1-0"]
[WhiteElo "2700"]
[BlackElo "2605"]
[PlyCount "117"]
[EventDate "2012.01.24"]

1. d4 e6 2. c4 Nf6 3. g3 d5 4. Bg2 Be7 5. Nf3 O-O 6. O-O dxc4 7. Qc2 a6 8. Qxc4
b5 9. Qc2 Bb7 10. Bd2 Be4 11. Qc1 Bb7 12. a3 h6 13. Rd1 Qc8 14. b4 Nbd7 15. Nc3
Ne4 16. Qc2 Nxc3 17. Qxc3 Bd6 18. Rac1 Nb6 19. Ne1 Nc4 20. Rb1 Rd8 21. e4 e5
22. Be3 Re8 23. Nc2 Nxe3 24. Qxe3 exd4 25. Nxd4 Qg4 26. h3 Qg6 27. Nf5 Qe6 28.
Nxd6 cxd6 29. Qf4 Rad8 30. Re1 Qa2 31. Ra1 Qb2 32. Qc1 Qf6 33. Qc7 Bxe4 34.
Bxe4 Rxe4 35. Qxd8+ Qxd8 36. Rxe4 Qc8 37. h4 Qc3 38. Rd1 Qxa3 39. Rxd6 Kh7 40.
Rdd4 Qc1+ 41. Kg2 Qc6 42. Kh2 h5 43. Re5 g6 44. Rf4 Qd7 45. Re3 Kg7 46. Ref3
Qd5 47. Rf6 Qa2 48. Kg2 Kg8 49. Rxf7 Qxf7 50. Rxf7 Kxf7 51. Kf3 Ke6 52. Ke4 Kd6
53. f3 Kc6 54. g4 Kc7 55. gxh5 gxh5 56. f4 Kd6 57. f5 Kd7 58. Ke5 Ke7 59. f6+
1-0

[Event "Gibraltar Open"]
[Site "Caleta ENG"]
[Date "2012.01.28"]
[Round "5"]
[White "Almasi, Z."]
[Black "Rapport, R."]
[Result "1/2-1/2"]
[WhiteElo "2717"]
[BlackElo "2543"]
[PlyCount "61"]
[EventDate "2012.01.24"]

1. e4 e5 2. Nf3 Nc6 3. Bb5 a6 4. Ba4 Nf6 5. O-O Nxe4 6. d4 b5 7. Bb3 d5 8. dxe5
Be6 9. Nbd2 Be7 10. c3 O-O 11. Re1 Nc5 12. Nd4 Nxd4 13. cxd4 Nd3 14. Re3 Nxc1
15. Rxc1 a5 16. Rec3 Rc8 17. Nf3 a4 18. Bc2 g6 19. Bd3 b4 20. Rc6 Bd7 21. Qxa4
Ra8 22. Qb3 Bxc6 23. Rxc6 Ra5 24. h3 Qd7 25. Qc2 Rxa2 26. Rxc7 Qe6 27. Kh2 Raa8
28. Rc6 Qd7 29. Rc7 Qe6 30. Rc6 Qd7 31. Rc7 1/2-1/2

[Event "Gibraltar Open"]
[Site "Caleta ENG"]
[Date "2012.01.28"]
[Round "5"]
[White "Svidler, P."]
[Black "Kosintseva, N."]
[Result "1/2-1/2"]
[WhiteElo "2749"]
[BlackElo "2537"]
[PlyCount "70"]
[EventDate "2012.01.24"]

1. e4 e5 2. Nf3 Nc6 3. Bb5 a6 4. Ba4 Nf6 5. O-O Be7 6. Re1 b5 7. Bb3 d6 8. c3
O-O 9. h3 Nb8 10. d4 Nbd7 11. c4 c6 12. a3 exd4 13. Nxd4 Ne5 14. cxb5 axb5 15.
Bf4 Qb6 16. Nc3 Re8 17. Rc1 Bd7 18. Nf5 Bxf5 19. exf5 Nc4 20. a4 Nxb2 21. Qc2
bxa4 22. Nxa4 Nxa4 23. Bxa4 Bf8 24. Be3 Qa6 25. Bxc6 Rac8 26. g4 d5 27. Qa4
Qxa4 28. Bxa4 Rxc1 29. Rxc1 Rd8 30. Bd4 Ne4 31. Kg2 h6 32. Bb3 Nd2 33. Ba2 Nc4
34. Rc2 Rc8 35. Bb3 Bc5 1/2-1/2

[Event "Gibraltar Open"]
[Site "Caleta ENG"]
[Date "2012.01.28"]
[Round "5"]
[White "Mamedyarov, S."]
[Black "Huschenbeth, N."]
[Result "1-0"]
[WhiteElo "2747"]
[BlackElo "2518"]
[PlyCount "61"]
[EventDate "2012.01.24"]

1. d4 Nf6 2. c4 e6 3. Nf3 b6 4. a3 Bb7 5. Nc3 d5 6. cxd5 Nxd5 7. Bd2 Be7 8. Qc2
O-O 9. e4 Nxc3 10. Bxc3 c5 11. dxc5 bxc5 12. Rd1 Qc7 13. Bd3 Nc6 14. e5 h6 15.
O-O Rfd8 16. Bh7+ Kh8 17. Be4 Qb6 18. Qa4 Rac8 19. Bb1 Rxd1 20. Rxd1 Rd8 21. h4
h5 22. Re1 g6 23. Qf4 Kg8 24. Ng5 Bxg5 25. Qxg5 Nd4 26. Re3 Qc7 27. Kh2 Bd5 28.
Bxg6 fxg6 29. Ba5 Qxa5 30. Qxg6+ Kf8 31. Rg3 1-0

[Event "Gibraltar Open"]
[Site "Caleta ENG"]
[Date "2012.01.28"]
[Round "5"]
[White "Shirov, A."]
[Black "Gallagher, Jo"]
[Result "1/2-1/2"]
[WhiteElo "2710"]
[BlackElo "2505"]
[PlyCount "61"]
[EventDate "2012.01.24"]

1. e4 c5 2. Nf3 d6 3. d4 cxd4 4. Nxd4 Nf6 5. Nc3 a6 6. Be3 e5 7. Nf3 Be7 8. Bc4
O-O 9. O-O Qc7 10. Bb3 Be6 11. Nh4 g6 12. f4 exf4 13. Bxf4 Nbd7 14. Nf3 Rfe8
15. Nd4 Bc4 16. Re1 Rac8 17. Qf3 Ne5 18. Qf2 Nh5 19. Rad1 Nxf4 20. Qxf4 Qd8 21.
Bxc4 Nxc4 22. Nd5 Nb6 23. Nxe7+ Qxe7 24. b3 Nd7 25. c4 Rc5 26. Nf3 Ne5 27. Re2
b5 28. cxb5 axb5 29. Red2 Nxf3+ 30. gxf3 Ra8 31. a4 1/2-1/2

[Event "Gibraltar Open"]
[Site "Caleta ENG"]
[Date "2012.01.28"]
[Round "5"]
[White "Sutovsky, E."]
[Black "Baron, Ta"]
[Result "1-0"]
[WhiteElo "2703"]
[BlackElo "2498"]
[PlyCount "81"]
[EventDate "2012.01.24"]

1. e4 e5 2. Nf3 Nc6 3. Bb5 a6 4. Ba4 Nf6 5. O-O Be7 6. Re1 b5 7. Bb3 d6 8. c3
O-O 9. d4 Bg4 10. Be3 exd4 11. cxd4 Na5 12. Bc2 Nc4 13. Bc1 c5 14. b3 Nb6 15.
Nbd2 Nfd7 16. h3 Bh5 17. a4 cxd4 18. axb5 axb5 19. Rxa8 Qxa8 20. g4 Bg6 21.
Nxd4 Bf6 22. N2f3 Nc5 23. Nf5 Rd8 24. N3d4 b4 25. g5 Be5 26. f4 Bxd4+ 27. Qxd4
Bxf5 28. exf5 Re8 29. Rxe8+ Qxe8 30. Kf2 Nbd7 31. Qxd6 Qe4 32. Qd1 Qc6 33. Qe1
Kf8 34. Bd2 Qd6 35. Kg3 f6 36. g6 hxg6 37. fxg6 f5 38. Bxf5 Nf6 39. Qe3 Nh5+
40. Kh4 Qf6+ 41. Kg4 1-0

[Event "Gibraltar Open Playoff"]
[Site "Caleta ENG"]
[Date "2012.02.02"]
[Round "1.1"]
[White "Short, Nigel D"]
[Black "Hou, Yifan"]
[Result "1-0"]
[WhiteElo "2677"]
[BlackElo "2605"]
[PlyCount "71"]
[EventDate "2012.01.24"]

1. e4 c5 2. Nc3 d6 3. f4 g6 4. Nf3 Bg7 5. Bb5+ Nc6 6. Bxc6+ bxc6 7. d3 Nf6 8.
O-O O-O 9. Kh1 Rb8 10. Qe1 Nd7 11. b3 e5 12. f5 gxf5 13. Nh4 f4 14. g3 Bf6 15.
Nf5 Nb6 16. gxf4 Bxf5 17. fxe5 Bxe5 18. Rxf5 Kh8 19. Bf4 Nd7 20. Qd2 Qh4 21.
Rf1 Rbe8 22. Ne2 Rg8 23. Rxf7 Qh3 24. Ng1 Qg4 25. Nf3 Qh3 26. Qf2 Bxf4 27. Rxf4
Rg6 28. Nh4 Rg5 29. Nf5 Reg8 30. Nxd6 Ne5 31. Nf7+ Nxf7 32. Rxf7 R5g6 33. Rf8
Qh5 34. Rxg8+ Rxg8 35. Qf6+ Rg7 36. Rg1 1-0

[Event "Gibraltar Open Playoff"]
[Site "Caleta ENG"]
[Date "2012.02.02"]
[Round "1.2"]
[White "Hou, Yifan"]
[Black "Short, Nigel D"]
[Result "1/2-1/2"]
[WhiteElo "2605"]
[BlackElo "2677"]
[PlyCount "90"]
[EventDate "2012.01.24"]

1. e4 e6 2. d4 d5 3. Nc3 Nf6 4. e5 Nfd7 5. f4 c5 6. Nf3 Qb6 7. Ne2 cxd4 8.
Nexd4 Nc6 9. c3 Nxd4 10. Nxd4 Bc5 11. Rb1 Bxd4 12. cxd4 Nb8 13. b4 Nc6 14. Be3
Bd7 15. Be2 Ne7 16. a4 a6 17. O-O Rc8 18. Bf2 O-O 19. Qb3 Qc7 20. Qh3 Bxa4 21.
Bd3 h6 22. Bh4 Bb5 23. Bxb5 axb5 24. Rf3 Nf5 25. Bf2 Qc2 26. Rf1 Rc4 27. Rd3 h5
28. Rfd1 g6 29. Be1 Qe2 30. R3d2 Qe4 31. Bf2 Qxf4 32. Qa3 Rfc8 33. g3 Qg4 34.
Qd3 Rc1 35. Qf1 Rxd1 36. Rxd1 Rc4 37. h3 Qf3 38. Rd3 Qe4 39. Qd1 Rc1 40. Qxc1
Qxd3 41. Qc8+ Kg7 42. Qd8 Nxd4 43. Qf6+ Kg8 44. Qd8+ Kg7 45. Qf6+ Kg8 1/2-1/2

[Event "Aeroflot Open 2012"]
[Site "Moscow RUS"]
[Date "2012.02.08"]
[Round "2"]
[White "Iordachescu, Viorel"]
[Black "Caruana, Fabiano"]
[Result "1/2-1/2"]
[WhiteElo "2651"]
[BlackElo "2736"]
[PlyCount "69"]
[EventDate "2012.02.07"]

1. e4 e5 2. Nf3 Nc6 3. Bb5 a6 4. Ba4 Nf6 5. O-O b5 6. Bb3 Bc5 7. a4 Rb8 8. d3
d6 9. axb5 axb5 10. c3 O-O 11. Re1 Bb6 12. h3 Ne7 13. Nbd2 Ng6 14. Nf1 h6 15.
Ng3 Nh7 16. d4 Qf6 17. Nh5 Qe7 18. Bc2 Ng5 19. Be3 c5 20. d5 c4 21. Ng3 Qf6 22.
Nh2 Nf4 23. Kh1 g6 24. Bxb6 Rxb6 25. Qd2 h5 26. Qe3 Rb8 27. Ne2 Nxe2 28. Rxe2
h4 29. Ree1 Re8 30. Ra7 Qf4 31. Rea1 b4 32. Nf1 bxc3 33. bxc3 Rb2 34. R1a2 Rxa2
35. Rxa2 1/2-1/2

[Event "Aeroflot Open 2012"]
[Site "Moscow RUS"]
[Date "2012.02.08"]
[Round "2"]
[White "Iturrizaga, Eduardo"]
[Black "Le, Quang Liem"]
[Result "1/2-1/2"]
[WhiteElo "2649"]
[BlackElo "2714"]
[PlyCount "101"]
[EventDate "2012.02.07"]

1. d4 Nf6 2. c4 g6 3. Nc3 d5 4. Nf3 Bg7 5. Bf4 O-O 6. e3 c5 7. dxc5 Ne4 8. Rc1
Nd7 9. cxd5 Qa5 10. Nd4 Ndxc5 11. Bc4 Nxc3 12. bxc3 e5 13. dxe6 Bxe6 14. Bxe6
Nxe6 15. Nxe6 Bxc3+ 16. Ke2 fxe6 17. Qb3 Qa6+ 18. Kf3 Be5 19. h4 Rf7 20. Qc4
Bxf4 21. exf4 b5 22. Qc6 Qxc6+ 23. Rxc6 e5 24. Rc5 Rxf4+ 25. Kg3 Raf8 26. f3 e4
27. fxe4 Rxe4 28. Rxb5 Re3+ 29. Kg4 Ra3 30. h5 Rxa2 31. g3 Ra4+ 32. Kg5 gxh5
33. Kxh5 Ra6 34. Rg5+ Kh8 35. Rc1 Raf6 36. Rc7 R6f7 37. Rc6 Rg8 38. Rxg8+ Kxg8
39. Kh6 Kf8 40. Rc8+ Ke7 41. Rc7+ Ke6 42. Rxf7 Kxf7 43. Kxh7 Kf6 44. Kh6 Kf5
45. Kh5 a5 46. g4+ Ke6 47. Kh6 a4 48. g5 a3 49. g6 a2 50. g7 a1=Q 51. g8=Q+
1/2-1/2

[Event "Aeroflot Open 2012"]
[Site "Moscow RUS"]
[Date "2012.02.08"]
[Round "2"]
[White "Nisipeanu, Liviu-Dieter"]
[Black "Jobava, Baadur"]
[Result "1/2-1/2"]
[WhiteElo "2647"]
[BlackElo "2704"]
[PlyCount "80"]
[EventDate "2012.02.07"]

1. d4 Nf6 2. c4 e6 3. Nc3 Bb4 4. e3 c5 5. Bd3 cxd4 6. exd4 d5 7. Nf3 dxc4 8.
Bxc4 O-O 9. O-O Nc6 10. a3 Bd6 11. Bg5 h6 12. Bxf6 Qxf6 13. Ne4 Qd8 14. Qd3 Be7
15. Rad1 Qc7 16. Rfe1 Rd8 17. Ba2 Qf4 18. Ng3 Bf8 19. h4 g6 20. h5 g5 21. d5
Bg7 22. Qc2 exd5 23. Rxd5 Be6 24. Rxd8+ Nxd8 25. Bb1 Rc8 26. Qh7+ Kf8 27. Nf5
Bxf5 28. Qxf5 Ne6 29. g3 Qxf5 30. Bxf5 Bxb2 31. Bxe6 fxe6 32. Rxe6 Rc6 33. Rxc6
bxc6 34. a4 Ke7 35. Kf1 Ke6 36. Ke2 c5 37. Kd3 Kd5 38. Nd2 g4 39. Nf1 c4+ 40.
Kc2 Bd4 1/2-1/2

[Event "Aeroflot Open 2012"]
[Site "Moscow RUS"]
[Date "2012.02.08"]
[Round "2"]
[White "Tomashevsky, Evgeny"]
[Black "Cori, Jorge"]
[Result "1-0"]
[WhiteElo "2740"]
[BlackElo "2489"]
[PlyCount "65"]
[EventDate "2012.02.07"]

1. c4 Nf6 2. Nc3 e5 3. Nf3 Nc6 4. g3 d5 5. cxd5 Nxd5 6. Bg2 Be6 7. O-O Nb6 8.
Rb1 a5 9. d3 Be7 10. Be3 Nd5 11. Nxd5 Bxd5 12. Qa4 O-O 13. Rfc1 Re8 14. a3 Bf8
15. Qb5 a4 16. Ng5 Bxg2 17. Kxg2 h6 18. Nf3 Qc8 19. Rc2 Ra5 20. Qc4 Qe6 21.
Qxe6 Rxe6 22. b4 Ra8 23. Bc5 Bd6 24. b5 Na5 25. Nd2 b6 26. Bb4 Kf8 27. Rxc7 Ke8
28. Bxd6 Rxd6 29. Rb4 Rd5 30. Rxa4 Rxb5 31. Rb4 Rc5 32. Rxc5 bxc5 33. Ra4 1-0

[Event "Aeroflot Open 2012"]
[Site "Moscow RUS"]
[Date "2012.02.08"]
[Round "2"]
[White "Nepomniachtchi, Ian"]
[Black "Aleksandrov, Aleksej"]
[Result "1/2-1/2"]
[WhiteElo "2735"]
[BlackElo "2612"]
[PlyCount "83"]
[EventDate "2012.02.07"]

1. c4 e6 2. Nc3 Nf6 3. e4 d5 4. e5 d4 5. exf6 dxc3 6. bxc3 Qxf6 7. d4 c5 8. Nf3
h6 9. Bd3 cxd4 10. cxd4 Bb4+ 11. Bd2 Bxd2+ 12. Qxd2 O-O 13. O-O Nd7 14. Qe3 Rd8
15. Qe4 Nf8 16. Rab1 Qe7 17. c5 Qc7 18. Rb3 Rb8 19. Rfb1 b6 20. Qe5 Rd7 21. c6
f6 22. Qg3 Qxg3 23. hxg3 Rc7 24. Rc3 Kf7 25. Rcc1 Ng6 26. d5 exd5 27. Nd4 a6
28. a4 Nf8 29. f4 g6 30. Re1 f5 31. Rbc1 Ne6 32. Rxe6 Bxe6 33. Bxa6 Bd7 34. Kf2
Be8 35. Bb5 Ra8 36. Rh1 h5 37. Re1 Re7 38. Re5 Rd8 39. Ba6 Ra8 40. Bb5 Rd8 41.
Ba6 Ra8 42. Bb5 1/2-1/2

[Event "Aeroflot Open 2012"]
[Site "Moscow RUS"]
[Date "2012.02.08"]
[Round "2"]
[White "Vallejo Pons, Francisco"]
[Black "Ponkratov, Pavel"]
[Result "1-0"]
[WhiteElo "2705"]
[BlackElo "2611"]
[PlyCount "53"]
[EventDate "2012.02.07"]

1. e4 e6 2. d4 d5 3. Nc3 Nf6 4. Bg5 dxe4 5. Nxe4 Be7 6. Bxf6 gxf6 7. Qd2 a6 8.
c4 f5 9. Nc3 Bg5 10. f4 Bf6 11. Nf3 O-O 12. O-O-O b5 13. Ne5 Nd7 14. cxb5 Nb6
15. g4 axb5 16. Bxb5 Nd5 17. gxf5 Nxc3 18. Qxc3 Rxa2 19. Kb1 Ra8 20. Rhg1+ Kh8
21. Rd3 Bb7 22. fxe6 Be4 23. Nxf7+ Rxf7 24. exf7 Qe7 25. Bc6 Bxd3+ 26. Qxd3 Rb8
27. Qb3 1-0

[Event "Aeroflot Open 2012"]
[Site "Moscow RUS"]
[Date "2012.02.08"]
[Round "2"]
[White "Sasikiran, Krishnan"]
[Black "Popov, Ivan RUS"]
[Result "1-0"]
[WhiteElo "2700"]
[BlackElo "2599"]
[PlyCount "103"]
[EventDate "2012.02.07"]

1. d4 d5 2. c4 c6 3. Nf3 Nf6 4. Nc3 dxc4 5. a4 e6 6. e3 c5 7. Bxc4 Nc6 8. O-O
Be7 9. Qe2 cxd4 10. exd4 O-O 11. Rd1 Nb4 12. a5 Bd7 13. Ne5 Rc8 14. a6 bxa6 15.
Bxa6 Rc7 16. Bc4 Nfd5 17. Bd2 Nc2 18. Rac1 Nxd4 19. Qg4 Bf6 20. Qxd4 Bxe5 21.
Qxe5 Rxc4 22. Nxd5 Rxc1 23. Bxc1 f6 24. Nxf6+ gxf6 25. Qd4 Rf7 26. Qxa7 h5 27.
Qe3 Qa5 28. Qf3 Qe5 29. b3 Rg7 30. Bh6 Rf7 31. h3 Kh7 32. Be3 Bb5 33. Rd4 Rg7
34. Rh4 Be8 35. Rf4 Bg6 36. Bd2 Rd7 37. Bc3 Qc7 38. Rc4 Qb8 39. Bxf6 Rd3 40.
Qe2 Rxb3 41. Be5 Qb5 42. Bf4 Rb1+ 43. Kh2 Bf7 44. Be5 Re1 45. Qd3+ Kh6 46. Bf4+
Kg7 47. Qc3+ e5 48. Rc5 Qb1 49. Rxe5 Rxe5 50. Bxe5+ Kh6 51. Qd2+ Kh7 52. Qd8
1-0

[Event "Petrov Memorial (rapid)"]
[Site "Jurmala, Latvia"]
[Date "2012.02.18"]
[Round "1"]
[White "Fridman, Daniel"]
[Black "Krasenkow, Michal"]
[Result "1-0"]
[WhiteElo "2660"]
[BlackElo "2607"]
[PlyCount "81"]
[EventDate "2012.??.??"]

1. d4 Nf6 2. c4 g6 3. Nc3 d5 4. Nf3 Bg7 5. cxd5 Nxd5 6. e4 Nxc3 7. bxc3 c5 8.
Be3 Qa5 9. Qd2 Nc6 10. Rb1 a6 11. Rc1 f5 12. e5 b5 13. Be2 O-O 14. O-O Rd8 15.
a4 Be6 16. axb5 axb5 17. Qb2 Qc7 18. Bxb5 Rdb8 19. Ng5 Bd5 20. c4 Bf7 21. Nxf7
Kxf7 22. f4 cxd4 23. Bxd4 e6 24. Be3 g5 25. fxg5 Nxe5 26. Qe2 Kg8 27. Bf4 Qc5+
28. Kh1 Rd8 29. Rce1 Nd3 30. Qxe6+ Kh8 31. Be3 Qc7 32. Rd1 f4 33. Bb6 Qd6 34.
Qxd6 Rxd6 35. Bg1 Rad8 36. Rd2 Bc3 37. Rc2 Bb4 38. c5 Rd5 39. Bc4 Rxg5 40. c6
Ne5 41. c7 1-0

[Event "Petrov Memorial (rapid)"]
[Site "Jurmala, Latvia"]
[Date "2012.02.18"]
[Round "1"]
[White "Ivanchuk, Vassily"]
[Black "Morozevich, Alexander"]
[Result "1/2-1/2"]
[WhiteElo "2766"]
[BlackElo "2763"]
[PlyCount "35"]
[EventDate "2012.??.??"]

1. c4 e6 2. Nf3 d5 3. d4 Nf6 4. Nc3 dxc4 5. e4 Bb4 6. Bg5 c5 7. Bxc4 cxd4 8.
Nxd4 Bxc3+ 9. bxc3 Qa5 10. Bb5+ Bd7 11. Bxf6 gxf6 12. Qb3 Bxb5 13. Nxb5 O-O 14.
O-O Nc6 15. c4 Rad8 16. Qg3+ Kh8 17. Qh4 Kg7 18. Qg3+ 1/2-1/2

[Event "Petrov Memorial (rapid)"]
[Site "Jurmala, Latvia"]
[Date "2012.02.18"]
[Round "1"]
[White "Kovalenko, Igor"]
[Black "Mamedyarov, Shakhriyar"]
[Result "1-0"]
[WhiteElo "2587"]
[BlackElo "2747"]
[PlyCount "91"]
[EventDate "2012.??.??"]

1. d4 g6 2. Nf3 Bg7 3. e4 d6 4. c3 Nf6 5. Qc2 O-O 6. Be2 Nbd7 7. O-O e5 8. dxe5
dxe5 9. Rd1 Qe7 10. Bg5 h6 11. Bh4 b6 12. Nbd2 Bb7 13. b4 g5 14. Bg3 Nh5 15.
Nf1 Nf4 16. Bc4 Nf6 17. N3d2 Ne8 18. Ne3 Nd6 19. Bf1 Rad8 20. f3 Bc8 21. Ndc4
Be6 22. Nxd6 Rxd6 23. Rxd6 cxd6 24. c4 Rc8 25. Qd2 Bf8 26. a4 Qc7 27. a5 Rb8
28. axb6 axb6 29. Bf2 h5 30. Ra3 Qd8 31. Ra7 g4 32. fxg4 hxg4 33. Nd5 Bxd5 34.
exd5 Qg5 35. Qc2 Nh5 36. g3 Nf6 37. Ra6 Rc8 38. Qd3 b5 39. cxb5 e4 40. Qd4 Nxd5
41. Qxe4 Rc1 42. Ra8 Nc7 43. Rb8 Ra1 44. b6 Qb5 45. Qxg4+ Kh7 46. Qh3+ 1-0

[Event "Petrov Memorial (rapid)"]
[Site "Jurmala, Latvia"]
[Date "2012.02.18"]
[Round "1"]
[White "Shirov, Alexei"]
[Black "Khairullin, Ildar"]
[Result "0-1"]
[WhiteElo "2710"]
[BlackElo "2638"]
[PlyCount "98"]
[EventDate "2012.??.??"]

1. d4 d5 2. c4 c6 3. Nf3 Nf6 4. e3 Bf5 5. Nc3 e6 6. Nh4 Bg6 7. Nxg6 hxg6 8. g3
Nbd7 9. Bg2 dxc4 10. Qe2 Nb6 11. O-O Be7 12. Rd1 Qc7 13. e4 e5 14. dxe5 Qxe5
15. h3 Qe6 16. g4 Nfd7 17. f4 Nc5 18. Be3 Nd3 19. a4 g5 20. fxg5 Qe5 21. a5 Nd7
22. Ra4 Bxg5 23. Bxg5 Qxg5 24. e5 Nf4 25. Qxc4 Nxh3+ 26. Kf1 Nxe5 27. Qe2 Qf6+
28. Ke1 Nf4 29. Qe4 Nxg2+ 30. Qxg2 Rh2 31. Qg3 Rh1+ 32. Ke2 Rxd1 33. Kxd1
O-O-O+ 34. Kc2 Nd3 35. Qe3 a6 36. Re4 Qd6 37. Qg5 g6 38. Qe7 Nb4+ 39. Kb3 Nd5
40. Qxd6 Rxd6 41. Na4 Re6 42. Rxe6 fxe6 43. Nc5 e5 44. Kc4 Ne3+ 45. Kd3 Nxg4
46. Ke4 Kc7 47. b4 Kc8 48. Nd3 Kc7 49. Nc5 Nf6+ 0-1

[Event "Petrov Memorial (rapid)"]
[Site "Jurmala, Latvia"]
[Date "2012.02.18"]
[Round "2"]
[White "Krasenkow, Michal"]
[Black "Khairullin, Ildar"]
[Result "1/2-1/2"]
[WhiteElo "2607"]
[BlackElo "2638"]
[PlyCount "78"]
[EventDate "2012.??.??"]

1. d4 d5 2. Nf3 Nf6 3. c4 c6 4. Qb3 dxc4 5. Qxc4 Bg4 6. Nbd2 Nbd7 7. g3 e6 8.
Bg2 Be7 9. O-O O-O 10. Qb3 Qb6 11. Nc4 Qa6 12. Re1 Rac8 13. Bf4 c5 14. Nfe5 b5
15. Nxd7 Nxd7 16. Ne5 Nxe5 17. dxe5 c4 18. Qc2 Rfd8 19. Be4 Bf5 20. Bxf5 exf5
21. Qxf5 b4 22. Red1 c3 23. bxc3 bxc3 24. Rd7 g6 25. Qh3 Rxd7 26. Qxd7 Ba3 27.
Rb1 c2 28. Rb7 c1=R+ 29. Bxc1 Rxc1+ 30. Kg2 Qc6+ 31. Qxc6 Rxc6 32. Rxa7 Rc3 33.
f4 h5 34. Ra8+ Kg7 35. Ra7 Kf8 36. Ra8+ Ke7 37. Ra7+ Ke6 38. e4 Rc2+ 39. Kh3
Bb4 1/2-1/2

[Event "Petrov Memorial (rapid)"]
[Site "Jurmala, Latvia"]
[Date "2012.02.18"]
[Round "2"]
[White "Mamedyarov, Shakhriyar"]
[Black "Shirov, Alexei"]
[Result "0-1"]
[WhiteElo "2747"]
[BlackElo "2710"]
[PlyCount "50"]
[EventDate "2012.??.??"]

1. d4 d5 2. c4 c6 3. Nf3 Nf6 4. Qc2 dxc4 5. Qxc4 Bg4 6. Bf4 Nbd7 7. Nbd2 e6 8.
e4 Bxf3 9. gxf3 Nb6 10. Qd3 c5 11. dxc5 Bxc5 12. Rc1 Nfd7 13. Rxc5 Nxc5 14. Qc3
Rc8 15. Bb5+ Kf8 16. Ke2 Nxe4 17. Qa3+ Nc5 18. Ne4 Kg8 19. Nxc5 Nd5 20. Be5 Qb6
21. Qa4 Qxc5 22. Rg1 f6 23. Bd7 fxe5 24. Bxe6+ Kf8 25. Bxc8 Nf4+ 0-1

[Event "Petrov Memorial (rapid)"]
[Site "Jurmala, Latvia"]
[Date "2012.02.18"]
[Round "2"]
[White "Morozevich, Alexander"]
[Black "Kovalenko, Igor"]
[Result "1-0"]
[WhiteElo "2763"]
[BlackElo "2587"]
[PlyCount "143"]
[EventDate "2012.??.??"]

1. d4 d5 2. c4 c6 3. Nf3 Nf6 4. Nc3 e6 5. Bg5 Nbd7 6. e3 h6 7. Bh4 Be7 8. Bd3
O-O 9. O-O b6 10. Qe2 Bb7 11. Rad1 Re8 12. Rfe1 a6 13. Ne5 c5 14. Nxd7 Nxd7 15.
Bxe7 Qxe7 16. cxd5 exd5 17. Bf5 Nf6 18. b3 b5 19. g3 c4 20. bxc4 dxc4 21. f3
Qa3 22. Nb1 Qa5 23. e4 g6 24. Bh3 Rad8 25. a3 Bxe4 26. fxe4 Rxe4 27. Qf2 Rdxd4
28. Rf1 Rxd1 29. Rxd1 Kg7 30. Rf1 Qd8 31. Nc3 Re5 32. Bg2 h5 33. Qa7 a5 34. Rd1
Qe8 35. Qd4 Kh7 36. Rf1 Ng4 37. h3 Ne3 38. Rxf7+ Qxf7 39. Qxe5 Nxg2 40. Kxg2 b4
41. axb4 axb4 42. Ne4 Qg7 43. Nf6+ Kh6 44. h4 Qb7+ 45. Kh2 Qa7 46. Qg5+ Kg7 47.
Nxh5+ Kh7 48. Nf6+ Kg7 49. Ng4 b3 50. h5 Qf7 51. h6+ Kh8 52. Qe5+ Kh7 53. Qd4
g5 54. Qe4+ Kh8 55. Qe5+ Kh7 56. Qxg5 b2 57. Nf6+ Kh8 58. h7 Qg7 59. Qf5 Qh6+
60. Kg2 Qd2+ 61. Kh3 Qh6+ 62. Kg4 Qf8 63. Qe6 Qg7+ 64. Kf3 Qb7+ 65. Kf2 Qa7+
66. Kg2 Qb7+ 67. Kh2 Qxh7+ 68. Nxh7 b1=Q 69. Nf6 Qg6 70. Qe7 Qc2+ 71. Kh3 Qf5+
72. Kh4 1-0